书目信息 |
| 书名: | PHYSICS FOR SCIENTISTS AND ENGINEERS | |
| 作者: | RANDALL D. KNIGHT. | |
| 分册号: | ||
| 分册名: | A STRATEGIC APPROACH / | 出版地: | SAN FRANCISCO : |
|
| 出版社: | Pearson Education,Inc | |
| 出版时间: | 2004. | |
| 页数: | 607 p. ; | |
| 开本: | 29cm. | |
| 丛书名: | ||
| 中图分类号: | ||
| 科图分类号: | ||
| 其他分类号: | TB13 | |
| 主题词: | ||
| 电子资源: | ||
| 000 | 00476nam 2200157 a 4500 | |
| 001 | E0750885018 | |
| 005 | 20070313141548.78 | |
| 008 | 070313s2004 00010 eng | |
| 020 | @a0-8053-8973-3. | |
| 040 | @aPFT@beng | |
| 090 | @aTB13 | |
| 099 | @dTB13@ex4:2 | |
| 245 | @aPHYSICS FOR SCIENTISTS AND ENGINEERS.@nVOLUME 2,@pA STRATEGIC APPROACH / @cRANDALL D. KNIGHT. | |
| 260 | @aSAN FRANCISCO :@bPearson Education,Inc,@c2004. | |
| 300 | @a607 p. ;@c29cm. | |
| 700 | @aKNIGHT,RANDALL D. | |
| PHYSICS FOR SCIENTISTS AND ENGINEERS.. VOLUME 2,. A STRATEGIC APPROACH / / RANDALL D. KNIGHT.-SAN FRANCISCO : : Pearson Education,Inc, , 2004. |
| 607 p. ; ; 29cm. |
| ISBN 0-8053-8973-3. |
| ● |
| 相关链接 |
|
|
|
|
正题名:PHYSICS FOR SCIENTISTS AND ENGINEERS
索取号:TB13/x4:2
 
预约/预借
| 序号 | 登录号 | 条形码 | 馆藏地/架位号 | 状态 | 备注 |
| 1 | 0001755 | 300017559 | 第二样本阅览室/ [索取号:TB13/x4:2] | 在馆 |